000 00467nam a2200181Ia 4500
001 4542
005 20260306145803.0
008 260306t1997||||xx |||||||||||||| ||spa||
041 _aESP
082 _a324.2985
_bR91 V. 1
100 _aRubio Correa, Marcial
_eAUT
245 0 _aLas reglas que nadie quiso aprobar:
_bley de partidos políticos
260 _c1997
300 _a310 páginas :
_c21 cm.
650 _aGEN
654 _aCDE
942 _cLIB
_dJUS
_fJUS
_2ddc
_n
999 _c4542
_d4542